[Event "Bratto op-A 27th"]
[Site "Bratto"]
[Date "2007.08.31"]
[Round "9"]
[White "Poletti, Fausto"]
[Black "Tommaselli, Giacomo"]
[Result "1/2-1/2"]
[WhiteElo "2012"]
[BlackElo "2030"]
[PlyCount "207"]
[EventDate "2007.08.23"]
[EventType "swiss"]
[EventRounds "9"]
[EventCountry "ITA"]
[SourceTitle "CBM 120 Extra"]
[Source "ChessBase"]
[SourceDate "2007.11.01"]
[SourceVersion "1"]
[SourceVersionDate "2007.11.01"]
[SourceQuality "1"]

1. Nf3 Nf6 2. g3 b6 3. Bg2 Bb7 4. 0-0 g6 5. c4 c5 6. d4 cxd4 7. Qxd4 Bg7 8. Nc3 0-0 9. Qh4 Re8 10. Bg5 Na6 11. Rfd1 Nc5 12. Nd4 Bxg2 13. Kxg2 Rc8 14. Rac1 Qc7 15. f3 Ne6 16. Nd5 Qe5 17. Bxf6 exf6 18. e3 Nc7 19. Nxc7 Rxc7 20. e4 a6 21. Qf4 Rec8 22. b3 b5 23. Qxe5 fxe5 24. Ne2 bxc4 25. b4 Rb8 26. a3 a5 27. bxa5 Rb2 28. Kf1 Bf8 29. Rd5 Bxa3 30. Ra1 Bb4 31. a6 Ra7 32. Rb5 c3 33. Rb7 c2 34. Ra4 Rb1+ 35. Kg2 Bc5 36. Rxa7 Bxa7 37. Rc4 Ra1 38. Rxc2 Rxa6 39. Rc8+ Kg7 40. Nc3 Rc6 41. Ra8 Rxc3 42. Rxa7 Rc2+ 43. Kh3 Rd2 44. Ra5 Kf6 45. g4 h6 46. Kg3 Ke6 47. h4 f6 48. Ra8 Kf7 49. Rh8 Kg7 50. Rd8 h5 51. gxh5 gxh5 52. Ra8 d5 53. exd5 Rxd5 54. Re8 Rd7 55. Kf2 Kg6 56. Kg3 Rg7 57. Rh8 Rh7 58. Ra8 Kf5 59. Rg8 Rh6 60. Ra8 Rg6+ 61. Kf2 Rg7 62. Rh8 Kg6 63. Ra8 Rb7 64. Kg3 Rb3 65. Ra4 Rd3 66. Rb4 Rd4 67. Rb5 e4 68. fxe4 Rxe4 69. Rb8 Rg4+ 70. Kh3 Ra4 71. Kg3 Kf7 72. Rb5 Kg6 73. Rb8 Ra5 74. Kf4 Rf5+ 75. Kg3 Rf1 76. Kg2 Ra1 77. Kg3 Ra3+ 78. Kg2 Kf5 79. Rb4 Re3 80. Rb6 Re6 81. Rb5+ Re5 82. Rb6 Re4 83. Kg3 Rg4+ 84. Kh3 Kg6 85. Ra6 Rg1 86. Rb6 Rf1 87. Kg3 Ra1 88. Kh3 Ra5 89. Kg3 Kf5 90. Rb3 Rc5 91. Rf3+ Ke6 92. Ra3 Rb5 93. Re3+ Kf5 94. Rf3+ Ke5 95. Re3+ Kd4 96. Rf3 Ke5 97. Re3+ Kf5 98. Rf3+ Ke5 99. Re3+ Kd4 100. Rf3 Ke5 101. Re3+ Kf5 102. Rf3+ Ke6 103. Re3+ Re5 104. Ra3 1/2-1/2

[Event "Valenzano Citta di Bari op"]
[Site "Valenzano"]
[Date "2006.01.29"]
[Round "5"]
[White "Rizzo, Giovanbattista"]
[Black "Tommaselli, Giacomo"]
[Result "0-1"]
[WhiteElo "2093"]
[BlackElo "2023"]
[PlyCount "48"]
[EventDate "2006.01.21"]
[EventType "swiss"]
[EventRounds "6"]
[EventCountry "ITA"]
[SourceTitle "EXT 2007"]
[Source "ChessBase"]
[SourceDate "2006.11.23"]
[SourceVersion "1"]
[SourceVersionDate "2006.11.23"]
[SourceQuality "1"]

1. d4 Nf6 2. c4 e6 3. Nc3 Bb4 4. e3 0-0 5. a3 Bxc3+ 6. bxc3 c5 7. Bd3 d5 8. cxd5 exd5 9. Ne2 Nc6 10. f3 Re8 11. 0-0 Bd7 12. Ng3 g6 13. Rb1 b6 14. Rb2 Qc7 15. Bb1 h5 16. Re2 h4 17. Nh1 Qd6 18. e4 dxe4 19. fxe4 Bg4 20. e5 Nxe5 21. Bf4 Bxe2 22. Qxe2 cxd4 23. Qf2 dxc3 24. Bxe5 Rxe5 0-1

[Event "Bari op"]
[Site "Bari"]
[Date "2004.??.??"]
[Round "3"]
[White "Tommaselli, Giacomo"]
[Black "Campanile, Antonio"]
[Result "0-1"]
[WhiteElo "2015"]
[BlackElo "2095"]
[PlyCount "74"]
[EventDate "2004.??.??"]
[EventType "swiss"]
[EventRounds "6"]
[EventCountry "ITA"]
[SourceTitle "EXT 2007"]
[Source "ChessBase"]
[SourceDate "2006.11.23"]
[SourceVersion "1"]
[SourceVersionDate "2006.11.23"]
[SourceQuality "1"]

1. d4 f5 2. Nf3 Nf6 3. Bg5 e6 4. Nbd2 Be7 5. g3 0-0 6. Bg2 Qe8 7. 0-0 Nc6 8. c4 h6 9. Bxf6 Bxf6 10. d5 Nd8 11. Rb1 e5 12. e3 d6 13. b4 Bd7 14. Re1 g5 15. Nf1 g4 16. N3d2 e4 17. Qc2 Nf7 18. Nb3 Ng5 19. Re2 Nf3+ 20. Kh1 Rf7 21. Qd1 h5 22. Bxf3 gxf3 23. Rc2 Rh7 24. Qd2 Qg6 25. Qe1 Kh8 26. Nfd2 Rg8 27. Qg1 h4 28. Nd4 Be5 29. Nf1 Bxd4 30. exd4 f4 31. g4 Bxg4 32. h3 Bf5 33. Qxg6 Rxg6 34. Re1 Rhg7 35. Nh2 Bxh3 36. Rcc1 Bg2+ 37. Kg1 Bf1+ 0-1

[Event "Bari op"]
[Site "Bari"]
[Date "2004.??.??"]
[Round "1"]
[White "Tommaselli, Giacomo"]
[Black "Laghetti, Gaetano"]
[Result "1-0"]
[WhiteElo "2015"]
[BlackElo "1720"]
[PlyCount "85"]
[EventDate "2004.??.??"]
[EventType "swiss"]
[EventRounds "6"]
[EventCountry "ITA"]
[SourceTitle "EXT 2007"]
[Source "ChessBase"]
[SourceDate "2006.11.23"]
[SourceVersion "1"]
[SourceVersionDate "2006.11.23"]
[SourceQuality "1"]

1. d4 Nf6 2. Nf3 g6 3. Bg5 Bg7 4. Nbd2 d5 5. e3 0-0 6. Bd3 Nbd7 7. h3 c5 8. c3 c4 9. Bc2 h6 10. Bh4 Nh5 11. g4 Nhf6 12. Qe2 b5 13. 0-0 Bb7 14. Nh2 e5 15. dxe5 Nxe5 16. Nhf3 Nxf3+ 17. Nxf3 Qe8 18. Bg3 Ne4 19. Bh2 Qe7 20. Nd4 a6 21. Rad1 Rfe8 22. Qf3 Ng5 23. Qg2 Rad8 24. Rfe1 Ne4 25. Re2 Be5 26. Bxe5 Qxe5 27. f3 Nc5 28. f4 Qc7 29. g5 h5 30. Rf1 Ne4 31. Rf3 Bc8 32. Qf1 Rd6 33. Qe1 f5 34. gxf6 Rxf6 35. Qh4 Qe7 36. Rg2 Kh7 37. f5 gxf5 38. Qxh5+ Rh6 39. Rxf5 Bxf5 40. Qxf5+ Kh8 41. Qxd5 Rxh3 42. Nf5 Qh7 43. Qd4+ 1-0

[Event "Salento op 6th"]
[Site "Gallipoli"]
[Date "2001.07.01"]
[Round "6"]
[White "Tommaselli, Giacomo"]
[Black "Palma, Antonio"]
[Result "1/2-1/2"]
[WhiteElo "1926"]
[BlackElo "1729"]
[PlyCount "107"]
[EventDate "2001.06.29"]
[EventType "swiss"]
[EventRounds "6"]
[EventCountry "ITA"]
[SourceTitle "EXT 2002"]
[Source "ChessBase"]
[SourceDate "2001.11.25"]
[SourceVersion "1"]
[SourceVersionDate "2001.11.25"]
[SourceQuality "1"]

1. d4 e6 2. Nf3 c5 3. c3 d5 4. e3 Nf6 5. Nbd2 Nbd7 6. Bd3 Be7 7. 0-0 0-0 8. Ne5 Qc7 9. f4 b6 10. Rf3 Bb7 11. Rh3 g6 12. Qf3 Kg7 13. Nxd7 Qxd7 14. g4 b5 15. g5 Ne8 16. Nf1 cxd4 17. exd4 Nd6 18. Ng3 Nf5 19. Bd2 f6 20. Nxf5+ exf5 21. gxf6+ Bxf6 22. Re1 Rae8 23. Qf1 Bc6 24. Rhe3 b4 25. Rxe8 Rxe8 26. Rxe8 Qxe8 27. Qe2 bxc3 28. bxc3 Kf7 29. Qxe8+ Kxe8 30. Kg2 Ba4 31. Kf2 Bd1 32. Bc1 Be7 33. Bb5+ Kd8 34. Bc6 Bh4+ 35. Ke3 Ke7 36. Bxd5 Kd6 37. Bb3 Bxb3 38. axb3 g5 39. c4 g4 40. Ba3+ Kc6 41. d5+ Kd7 42. c5 h5 43. Bb2 Be7 44. Bd4 a6 45. b4 h4 46. Be5 h3 47. Kf2 Bh4+ 48. Kf1 Be1 49. c6+ Kc8 50. Bd6 Bd2 51. Kg1 Be3+ 52. Kf1 Bd2 53. Kf2 Be1+ 54. Kf1 1/2-1/2

[Event "Castellaneta op 4th"]
[Site "Castellaneta"]
[Date "2000.08.30"]
[Round "4"]
[White "Tommaselli, Giacomo"]
[Black "Capone, Vincenzo"]
[Result "1/2-1/2"]
[WhiteElo "2102"]
[BlackElo "2165"]
[PlyCount "33"]
[EventDate "2000.08.??"]
[EventType "swiss"]
[EventRounds "6"]
[EventCountry "ITA"]
[SourceTitle "EXT 2005"]
[Source "ChessBase"]
[SourceDate "2004.11.15"]
[SourceVersion "1"]
[SourceVersionDate "2004.11.15"]
[SourceQuality "1"]

1. d4 Nf6 2. Nf3 g6 3. Bg5 Bg7 4. e3 d6 5. Bd3 0-0 6. Nbd2 h6 7. Bh4 Nbd7 8. 0-0 c5 9. c3 a6 10. a4 b6 11. h3 Bb7 12. Re1 e6 13. Bg3 d5 14. Ne5 Nxe5 15. Bxe5 Nd7 16. Bxg7 Kxg7 17. f4 1/2-1/2

[Event "Castellaneta op 4th"]
[Site "Castellaneta"]
[Date "2000.08.29"]
[Round "1"]
[White "Foisor, Cristina Adela B"]
[Black "Tommaselli, Giacomo"]
[Result "1-0"]
[WhiteElo "2386"]
[BlackElo "2102"]
[PlyCount "87"]
[EventDate "2000.08.??"]
[EventType "swiss"]
[EventRounds "6"]
[EventCountry "ITA"]
[SourceTitle "EXT 2005"]
[Source "ChessBase"]
[SourceDate "2004.11.15"]
[SourceVersion "1"]
[SourceVersionDate "2004.11.15"]
[SourceQuality "1"]

1. Nf3 Nf6 2. g3 g6 3. b3 Bg7 4. Bb2 d6 5. d4 0-0 6. Bg2 Nbd7 7. 0-0 e5 8. dxe5 Ng4 9. c4 Ngxe5 10. Nc3 Nxf3+ 11. Bxf3 Ne5 12. Bg2 Re8 13. Qd2 Rb8 14. h3 Be6 15. f4 Nc6 16. Kh2 f5 17. Rfe1 Qd7 18. Rad1 Re7 19. e4 Rbe8 20. exf5 gxf5 21. Na4 Bf7 22. Bxg7 Kxg7 23. Nc3 Qd8 24. Qf2 Rxe1 25. Rxe1 Rxe1 26. Qxe1 Qf6 27. Nb5 Qd8 28. Qe3 a6 29. Nd4 Qf6 30. Ne2 Nd8 31. Bf3 Be6 32. Kg2 c6 33. Qb6 Kf8 34. a4 Ke7 35. a5 Bf7 36. Qc7+ Ke8 37. Kf2 Qe7 38. Qb6 Be6 39. Qd4 Kd7 40. Nc3 c5 41. Qh8 Nc6 42. Bxc6+ Kxc6 43. Nd5 Bxd5 44. Qc8+ 1-0